| 000 | 00535nam a2200205Ia 4500 | ||
|---|---|---|---|
| 005 | 20250508160921.0 | ||
| 008 | 008 250505s9999 xx 000 0 eng d | ||
| 020 | _a0-00-325222-1 | ||
| 037 | _aTextual | ||
| 040 |
_aFEDL _beng _cFEDL |
||
| 041 |
_aeng _2eng |
||
| 084 |
_a422.2, MCA _qFEDL |
||
| 100 |
_aMcArthur Tom _95568 |
||
| 245 | 0 | _aUsing english prefixes and suffixes | |
| 260 | _c1972 | ||
| 300 | _a48p. | ||
| 546 | _aPatterns of english No 2 | ||
| 942 |
_cTEXL _h422.2, MCA |
||
| 999 |
_c1367377 _d1367377 |
||